Normal view MARC view

Entry Personal Name

Number of records used in: 12

001 - CONTROL NUMBER

  • control field: 26819

003 - CONTROL NUMBER IDENTIFIER

  • control field: dpl

005 - DATE AND TIME OF LATEST TRANSACTION

  • control field: 20110329171249.0

008 - FIXED-LENGTH DATA ELEMENTS

  • fixed length control field: 110329|||a|||||| | ||| d

040 ## - CATALOGING SOURCE

  • Original cataloging agency: dpl
  • Transcribing agency: dpl

100 ## - HEADING--PERSONAL NAME

  • Personal name: गोखले,अश्विनी

670 ## - SOURCE DATA FOUND

  • Source citation: Work cat.: (dpl): अय्यंगार,गीता 26818, स्त्रियांसाठी योग...एक वरदान /, 2010

670 ## - SOURCE DATA FOUND

  • Source citation: Work cat.: (dpl): अय्यंगार,गीता 26818, स्त्रियांसाठी योग...एक वरदान /, 2010

© Delhi Public Library
Hit Counter
free hit counter